Praktické ovocinárstvo (Record no. 20277)
[ view plain ]
| 000 -LEADER | |
|---|---|
| fixed length control field | 01665nam a2200457 a 4500 |
| 001 - CONTROL NUMBER | |
| control field | 20277 |
| 003 - CONTROL NUMBER IDENTIFIER | |
| control field | VRT |
| 005 - DATE AND TIME OF LATEST TRANSACTION | |
| control field | 20260120143745.0 |
| 008 - FIXED-LENGTH DATA ELEMENTS--GENERAL INFORMATION | |
| fixed length control field | 250414s1990 xo 0 slo |
| 015 ## - NATIONAL BIBLIOGRAPHY NUMBER | |
| National bibliography number | SNBA1990/08 |
| 020 ## - INTERNATIONAL STANDARD BOOK NUMBER | |
| International Standard Book Number | 8007000240 |
| 035 ## - SYSTEM CONTROL NUMBER | |
| System control number | SNK000004683 |
| 039 #9 - LEVEL OF BIBLIOGRAPHIC CONTROL AND CODING DETAIL [OBSOLETE] | |
| Level of rules in bibliographic description | 202504141345 |
| Level of effort used to assign nonsubject heading access points | VLOAD |
| Level of effort used to assign subject headings | 202408042126 |
| Level of effort used to assign classification | AUTHORITY |
| Level of effort used to assign subject headings | 202408042117 |
| Level of effort used to assign classification | AUTHORITY |
| Level of effort used to assign subject headings | 202408042109 |
| Level of effort used to assign classification | AUTHORITY |
| 040 ## - CATALOGING SOURCE | |
| Original cataloging agency | SNK |
| Language of cataloging | slo |
| Transcribing agency | SNK |
| Description conventions | AACR2 |
| 041 0# - LANGUAGE CODE | |
| Language code of text/sound track or separate title | slo |
| 044 ## - COUNTRY OF PUBLISHING/PRODUCING ENTITY CODE | |
| MARC country code | xo |
| ISO country code | SK |
| 080 ## - UNIVERSAL DECIMAL CLASSIFICATION NUMBER | |
| Universal Decimal Classification number | 634(035) |
| Edition identifier | 1981 |
| 100 1# - MAIN ENTRY--PERSONAL NAME | |
| Personal name | Hričovský, Ivan, |
| Dates associated with a name | 1932-2024 |
| Relationship | aut |
| 245 10 - TITLE STATEMENT | |
| Title | Praktické ovocinárstvo |
| Statement of responsibility, etc. | Ivan Hričovský ; Oto Kolembus, Ľubica Krajčovičová, Tibor Roháčik, Igor Imro, Andrej Hurňák, A. Dvořák, B. Klimpl, Dušan Kováč, M. Richter, J. Sus |
| 250 ## - EDITION STATEMENT | |
| Edition statement | 1. vyd. |
| 260 ## - PUBLICATION, DISTRIBUTION, ETC. | |
| Place of publication, distribution, etc. | Bratislava |
| Name of publisher, distributor, etc. | Príroda |
| Date of publication, distribution, etc. | 1990 |
| Place of manufacture | Trnava |
| Manufacturer | Polygrafické závody |
| 300 ## - PHYSICAL DESCRIPTION | |
| Extent | 667 s., 45,25 AH |
| Other physical details | Tb. Sch. |
| Dimensions | 24 cm |
| 366 ## - TRADE AVAILABILITY INFORMATION | |
| Note | 20000 výtl. |
| 500 ## - GENERAL NOTE | |
| General note | Lit. 125. Reg. 125 zázn. v slov., češ., ruš., angl. a nem. |
| 700 1# - ADDED ENTRY--PERSONAL NAME | |
| Personal name | Kolembus, Oto |
| Relationship | trl |
| 700 1# - ADDED ENTRY--PERSONAL NAME | |
| Personal name | Krajčovičová, Ľubica, |
| Dates associated with a name | 1953- |
| Relationship | trl |
| 700 1# - ADDED ENTRY--PERSONAL NAME | |
| Personal name | Roháčik, Tibor, |
| Dates associated with a name | 1955- |
| Relationship | trl |
| 700 1# - ADDED ENTRY--PERSONAL NAME | |
| Personal name | Imro, Igor, |
| Dates associated with a name | 1943- |
| Relationship | bkd |
| 700 1# - ADDED ENTRY--PERSONAL NAME | |
| Personal name | Hurňák, Andrej |
| Relationship | bkd |
| 700 1# - ADDED ENTRY--PERSONAL NAME | |
| Personal name | Dvořák, A. |
| Relationship | bkd |
| 700 1# - ADDED ENTRY--PERSONAL NAME | |
| Personal name | Klimpl, B. |
| Relationship | bkd |
| 700 1# - ADDED ENTRY--PERSONAL NAME | |
| Personal name | Kováč, Dobroslav, |
| Dates associated with a name | 1961- |
| Relationship | bkd |
| 700 1# - ADDED ENTRY--PERSONAL NAME | |
| Personal name | Richter, M. |
| Relationship | bkd |
| 700 1# - ADDED ENTRY--PERSONAL NAME | |
| Personal name | Sus, J. |
| Relationship | bkd |
| 942 ## - ADDED ENTRY ELEMENTS (KOHA) | |
| Source of classification or shelving scheme | Dewey Decimal Classification |
| Koha item type | Odborná literatúra pre dospelých |
| Suppress in OPAC | No |
| 949 ## - LOCAL PROCESSING INFORMATION (OCLC) | |
| 6 | 17A0020533 |
| 9 | P60, <04>, [BOOK], {604} |
| a | snkSC 77215 D1 |
| 949 ## - LOCAL PROCESSING INFORMATION (OCLC) | |
| 6 | 17A0965817 |
| a | snkSC 77215 |
| 949 ## - LOCAL PROCESSING INFORMATION (OCLC) | |
| 6 | 4710708446 |
| a | strmkH 634 |
| b | strmk2008/8446 |
| Stav vyradenia | Strata | Poškodenie | Spôsob nadobudnutia | Domovská knižnica | Aktuálna knižnica | Dátum nadobudnutia | Total checkouts | Čiarový kód exemplára | Date last seen | Typ exemplára |
|---|---|---|---|---|---|---|---|---|---|---|
| Dar | Obecná knižnica Horná Štubňa | Obecná knižnica Horná Štubňa | 20.01.2026 | 9788007000247 | 20.01.2026 | Odborná literatúra pre dospelých |
